Evaluación del Riesgo Sísmico en edificaciones residenciales del Área Metropolitana de San José en función de pérdidas de vidas humanas
Spremljeno u:
| Glavni autor: | |
|---|---|
| Format: | Knjiga |
| Izdano: |
[San José, Costa Rica]
2003
|
| Teme: | |
| Oznake: |
Dodaj oznaku
Bez oznaka, Budi prvi tko označuje ovaj zapis!
|
MARC
| LEADER | 00000nam a2200000Ia 4500 | ||
|---|---|---|---|
| 003 | 009165 | ||
| 005 | 20221231144147.0 | ||
| 008 | 140114s2003 cr a m 000 ||s d | ||
| 040 | |c cru CEDI | ||
| 090 | |a TFG 4706 | ||
| 100 | |a Salas Alvarado, Luis Alonso |9 6987 | ||
| 245 | |a Evaluación del Riesgo Sísmico en edificaciones residenciales del Área Metropolitana de San José en función de pérdidas de vidas humanas | ||
| 260 | |c 2003 |a [San José, Costa Rica] | ||
| 300 | |a viii, 187, [22] hojas : ilustraciones, (algunos a color), mapas (algunos a color) | ||
| 500 | |a Proyecto de graduación (licenciatura en ingeniería civil)--Universidad de Costa Rica. Escuela de Ingeniería Civil | ||
| 650 | |x EFECTOS SISMICOS |x SISMOLOGIA |x INVESTIGACIONES |x CONSTRUCCIONES ANTISISMICAS |x INGENIERÍA SÍSMICA |x TERREMOTOS |x DESASTRES |x MEDIDAS DE SEGURIDAD |x PREVENCION |x SISTEMAS DE INFORMACION GEOGRAFICA |x AREA METROPOLITANA DE SAN JOSE (COSTA RICA) |9 6988 | ||
| 942 | |c TFG | ||
| 999 | |c 17775 |d 17775 | ||
